| 000 | 00383nam a22001457a 4500 | ||
|---|---|---|---|
| 003 | OSt | ||
| 008 | 210121b ||||| |||| 00| 0 eng d | ||
| 082 |
_a531.23 _bLON/EL |
||
| 100 |
_aLoney, S. L _94778 |
||
| 245 | _aThe elements of statics and dynamics / | ||
| 260 |
_aLondon : _bCambridge University Press, _c1961 |
||
| 650 |
_aStatics _96641 |
||
| 650 |
_aPhysics _96642 |
||
| 942 | _cBK | ||
| 999 |
_c16795 _d16795 |
||